| 000 | 00558nam a2200205Ia 4500 | ||
|---|---|---|---|
| 003 | BUBTL | ||
| 008 | 151213s9999 xx 000 0 und d | ||
| 020 | _a9780330487191 | ||
| 082 |
_a822.3/ N1436h/ 1969 _b |
||
| 100 |
_aNaipaul, V. S. _95106 |
||
| 245 |
_aA House for MR Biswas : _cV. S. Naipaul |
||
| 260 |
_aLondon _bPieador _cc1969 |
||
| 300 |
_a[vii], 623p. : _b20 cm |
||
| 650 | _aEnglish Literature | ||
| 650 | _a | ||
| 700 |
_aV. S. Naipaul _95107 |
||
| 856 |
_k0 _l0 _yDownload |
||
| 942 |
_2ddc _cBK |
||
| 999 |
_c4879 _d4879 |
||